Cinéma - Clic Quiz - Qui a joué quoi ? - Statistiques

Statistiques générales
  • Ce quiz a été pris 122 fois
  • Le résultat moyen est 33 sur 180
Statistiques - réponses
Hint Réponse % Correct
Indiana Jones Harrison Ford
67%
Forrest Gump Tom Hanks
67%
Capitaine Jack Sparrow Johnny Depp
64%
Willy Wonka Johnny Depp
63%
Rocky Balboa Sylvester Stallone
62%
Stanley Ipkiss / The Mask Jim Carrey
58%
Hannibal Lecter Anthony Hopkins
57%
Han Solo Harrison Ford
56%
Benjamin Button Brad Pitt
55%
John J. Rambo Sylvester Stallone
55%
Antonio « Tony » Montana Al Pacino
54%
Le Grinch Jim Carrey
53%
James Bond Sean Connery
53%
Frodon Sacquet Elijah Wood
52%
John Wick Keanu Reeves
51%
Roméo Montaigu Leonardo Di Caprio
51%
Napoléon Bonaparte Joaquin Phoenix
50%
Michael Corleone Al Pacino
49%
Jack Dawson Leonardo Di Caprio
49%
Daniel Hillard / Mme Doubtfire Robin Williams
48%
Neo/Thomas A. Anderson Keanu Reeves
46%
Nelson Mandela Morgan Freeman
46%
Oskar Schindler Liam Neeson
45%
Will Hunting Matt Damon
45%
Jason Bourne Matt Damon
43%
Achille Brad Pitt
42%
Tyler Durden Brad Pitt
41%
Danny Ocean Georges Clooney
40%
Truman Burbank Jim Carrey
39%
Nick Fury Samuel L. Jackson
38%
Capitaine de vaisseau Pete « Maverick » Mitchell Tom Cruise
38%
Alex Hitchens « Hitch » Will Smith
38%
John McClane Bruce Willis
36%
Malcolm X Denzel Washington
36%
Le "narrateur et acteur" (dans Fight Club) Edward Norton
36%
Commode Joaquin Phoenix
36%
Ethan Hunt Tom Cruise
36%
Mohamed Ali / Cassius Marcellus Clay, Jr. Will Smith
36%
Jack Torrance Jack Nicholson
35%
Le Joker version Arthur Fleck Joaquin Phoenix
35%
Officier James Darrell Edwards / l'agent J Will Smith
35%
Le Joker version Jack Napier Jack Nicholson
34%
Jordan Belfort Leonardo Di Caprio
34%
Bruce Banner / Hulk Edward Norton
32%
« Mad » Max Rockatansky Mel Gibson
32%
Johnny Blaze / Ghost Rider Nicolas Cage
32%
Benjamin Gates Nicolas Cage
31%
Abraham Lincoln Daniel Day-Lewis
29%
Qui-Gon Jinn Liam Neeson
29%
Peter Banning alias Peter Pan Robin Williams
29%
Amiral Tom « Iceman » Kazansky Val Kilmer
27%
Henri Ducard / Ra's al Ghul Liam Neeson
26%
Jake LaMotta Robert de Niro
25%
Professeur Henry Jones Sr. Sean Connery
24%
Don Diego de la Vega / Zorro Anthony Hopkins
23%
Professeur John Keating Robin Williams
23%
Korben Dallas Bruce Willis
22%
Jim Morrison Val Kilmer
22%
Alexandre le Grand Colin Farrell
21%
Alan Parrish Robin Williams
21%
Blondin Clint Eastwood
20%
Eliot Ness Kevin Costner
20%
William Wallace Mel Gibson
20%
Sgt. Martin Riggs Mel Gibson
20%
Harry Callahan Clint Eastwood
18%
William « Bill le Boucher » Cutting Daniel Day-Lewis
18%
Louis XV Johnny Depp
18%
Détective David Mills Brad Pitt
17%
John Doe Kevin Spacey
17%
Dr Ivo Robotnik Jim Carrey
16%
Wyatt Earp Kevin Costner
16%
Docteur Richard Kimble Harrison Ford
15%
Bruce Nolan Jim Carrey
15%
Roger « Verbal » Kint Kevin Spacey
15%
Rick Dalton Leonardo Di Caprio
15%
James Francis Ryan Matt Damon
15%
Travis Bickle Robert de Niro
15%
Lestat de Lioncourt Tom Cruise
15%
Bret Maverick Mel Gibson
14%
Robert Langdon Tom Hanks
14%
John Milton / Satan Al Pacino
13%
( Le 1er) Lex Luthor (Superman, 1978, Superman 2, 1980, Superman 4, 1987) Gene Hackman
13%
Ptolémée Ier Anthony Hopkins
12%
Castor Troy / Sean Archer Nicolas Cage
12%
Walter Kowalski Clint Eastwood
11%
Michael Clayton Georges Clooney
11%
Klaatu Keanu Reeves
11%
William Somerset Morgan Freeman
11%
Murray Franklin Robert de Niro
11%
Elijah Price Samuel L. Jackson
11%
Le roi Arthur Sean Connery
11%
Paul Edgecomb Tom Hanks
11%
Christof Ed Harris
10%
Ichabod Crane Johnny Depp
10%
Carroll Shelby Matt Damon
10%
Vincent Hanna Al Pacino
9%
Eli Denzel Washington
9%
Johnny Utah Keanu Reeves
9%
Bryan Mills Liam Neeson
9%
Allan Quatermain Sean Connery
9%
Le « Chacal », Derek, Charles Carl Bruce Willis
8%
Frank Farmer Kevin Costner
8%
Roy « Tin Cup » McAvoy Kevin Costner
8%
Jules Winnfield Samuel L. Jackson
8%
Capitaine John H. Miller Tom Hanks
8%
Andrew Beckett Tom Hanks
8%
David Dunn Bruce Willis
7%
Daniel Plainview Daniel Day-Lewis
7%
Frank Lucas Denzel Washington
7%
Major Erwin König Ed Harris
7%
Will Graham Edward Norton
7%
Little Bill Daggett Gene Hackman
7%
Randle Patrick McMurphy Jack Nicholson
7%
Lieutenant John Dunbar Kevin Costner
7%
Amsterdam Vallon Leonardo Di Caprio
7%
Ellis Boyd « Red » Redding Morgan Freeman
7%
Le Président des États-Unis Tom Beck Morgan Freeman
7%
Zeus Carver Samuel L. Jackson
7%
Gabe Walker Sylvester Stallone
7%
Colonel William Ludlow Anthony Hopkins
6%
Tristan Ludlow Brad Pitt
6%
Butch Coolidge Bruce Willis
6%
Hawkeye / Nathanael Poe Daniel Day-Lewis
6%
Derek Vinyard Edward Norton
6%
Le président des États-Unis James Marshall Harrison Ford
6%
Francis « Frank » Costello Jack Nicholson
6%
Colonel John « Hannibal » Smith Liam Neeson
6%
Cameron Poe Nicolas Cage
6%
Seymour Parrish Robin Williams
6%
James « Sonny » Crockett Colin Farrell
5%
Robert McCall Denzel Washington
5%
Gene Kranz, directeur de vol Ed Harris
5%
Leo Biederman Elijah Wood
5%
Commandant de la navette spatiale Explorer Mathieu Kowalski Georges Clooney
5%
Kevin Lomax Keanu Reeves
5%
Sam Rogers Kevin Spacey
5%
Michael Vronsky Robert de Niro
5%
Philippe II de Macédoine Val Kilmer
5%
Père Lucas Trevant Anthony Hopkins
4%
Frankie Dunn Clint Eastwood
4%
Général Francis X. Hummel Ed Harris
4%
Capitaine / Colonel Benjamin Martin Mel Gibson
4%
Alex Cross Morgan Freeman
4%
Neil McCauley Robert de Niro
4%
Sir August de Wynter Sean Connery
4%
Docteur William "Bill" Harford Tom Cruise
4%
Madmartigan Val Kilmer
4%
Walter Burke Al Pacino
3%
Frank Zito Elijah Wood
3%
Dean Corso Johnny Depp
3%
Major Marquis Warren alias « The Bounty Hunter » Samuel L. Jackson
3%
Ray Breslin Sylvester Stallone
3%
Brian Flanagan Tom Cruise
3%
Stu Shepard Colin Farrell
2%
Joseph ''Joe'' Miller Denzel Washington
2%
Lester « Worm » Murphy Edward Norton
2%
Sandy Ricks Elijah Wood
2%
Avery Tolar Gene Hackman
2%
Rankin Fitch Gene Hackman
2%
John Herod Gene Hackman
2%
Capitaine Billy Tyne Georges Clooney
2%
Lucius Hunt Joaquin Phoenix
2%
Merrill Hess Joaquin Phoenix
2%
Professeur Micky Rosa Kevin Spacey
2%
Lieutenant-Général Leslie Groves Matt Damon
2%
Dr Stanley Goodspeed Nicolas Cage
2%
Chef Kit Latura Sylvester Stallone
2%
Chris Shiherlis Val Kilmer
2%
Capitaine Steven Hiller Will Smith
2%
William Munny Clint Eastwood
1%
James Clayton Colin Farrell
1%
Danny Witwer Colin Farrell
1%
Virgil Cole Ed Harris
1%
Miles Massey Georges Clooney
1%
James Dale / Art Land Jack Nicholson
1%
Prot / Robert Porter Kevin Spacey
1%
Del Spooner Will Smith
1%
Gerry Conlon Daniel Day-Lewis
0%
Casey Connor Elijah Wood
0%
Quinn Harris Harrison Ford
0%
Aucun quiz correspondant
Distribution des résultats
% des personnes avec chaque résultat
Percentile par nombre de réponses
Votre historique - résultats
Vous n’avez pas pris ce quiz